000 00799nam a2200277 a 4500
001 76088
003 BD-RjUL
005 20211209082804.0
008 191025s1978 nyua b 001 0 eng
020 _a0070608814 :
_c$7.95
035 _a(BD-RjUL)76308
040 _aDLC
_cDLC
_dDLC
_beng
041 _aeng
082 0 0 _a658.8
_223
_bSTF 1978
100 1 _aStanton, William J.
_9164017
245 1 0 _aFundamentals of marketing /
_cWilliam J. Stanton.
250 _aFifth edition
260 _aNew York :
_bMcGraw-Hill,
_cc1978.
300 _axxii, 636 p. :
_bill. ;
_c25 cm.
490 0 _aMcGraw-Hill series in marketing
504 _aIncludes bibliographical references and indexes.
650 0 _aMarketing.
_9164018
650 0 _aMarketing
_9164018
942 _2ddc
_cBK
999 _c76088
_d76088